000 00664nam a2200217Ia 4500
005 20250508165225.0
008 008 250505s9999 xx 000 0 eng d
020 _a81-219-3656-X
037 _aTextBook
040 _aFEDL
_beng
_cFEDL
041 _aeng
_2eng
084 _a420.7, VYA/R
_qFEDL
100 _aVyas Manish A Ed.
_9780193
245 0 _aTeaching english as a second language: A new pedagogy for a new century
260 _aNew Delhi, India
_bPHI Learning Private Limited
_c2009
300 _axvii, 494p.
365 _aINR
_b350
700 _a Patel Yogesh L Ed.
_9780194
942 _cTB
_h420.7, VYA/R
999 _c1393920
_d1393920